| 000 | 00400 a2200109 4500 | ||
|---|---|---|---|
| 020 | _a9271022440 | ||
| 920 | _a92-71-02244-0 | ||
| 245 | 0 |
_aGeneral Information Relating the Operation of the International Telegraph Data Transmission and Telematic Services / _c. _nsuppl.2 |
|
| 250 | _a3 edition. | ||
| 710 | 2 |
_aInternational Telecommunication Union. _eWydawca _4pbl |
|
| 260 |
_aGeneva : _bITU, _c1988. |
||
| 300 |
_a142 s.; _c30 cm. |
||
| 999 |
_c1849 _d1849 |
||